000 00397nam a2200169Ia 4500
008 230524s9999 xx 000 0 und d
020 _a8174091734
082 _a621.382
_bBIM
100 _aP.S.Bimbhra
245 0 _aElectrical Machinery
250 _a7TH
260 _aNEW DELHI
_bKhanna
_c2001
300 _aXIII;505
500 _aQuantity Number: 90
650 _aElectrical
942 _cBK
999 _c35739
_d35739